000 00431nam a22001817a 4500
003 NUST - PNEC
005 20170116181154.0
008 160107b xxu||||| |||| 00| 0 eng d
020 _a-
040 _cLIBRARY
082 _a621.4025 RIC
100 _915726
_aRichmond, A.J.
245 _aProblems in heat engines
_cA.J. Richmond
250 _a-
260 _cc.1960
650 _915727
_aHeat-engines
_xME
942 _2ddc
_cBK
999 _c71104
_d71104